| Tag |
First Indicator |
Second Indicator |
Subfields |
| LEADER |
00000cam a22000008a 4500 |
| 001 |
in00000777713 |
| 005 |
20151017062641.0 |
| 008 |
890620s1989 nyua b 00110 eng |
| 010 |
|
|
|a 89011483
|
| 020 |
|
|
|a 0387971041 (alk. paper)
|
| 035 |
|
|
|a (OCoLC)20013876
|
| 035 |
|
|
|9 ADM9722AM
|
| 040 |
|
|
|a DLC
|c DLC
|d TXA
|d UtOrBLW
|
| 049 |
|
|
|a TXAM
|c [A12491751]
|
| 050 |
0 |
0 |
|a QA1
|b .A647 vol. 83
|a QD516
|
| 082 |
0 |
|
|a 510 s
|a 541.3/61
|2 20
|
| 100 |
1 |
|
|a Bebernes, Jerrold.
|
| 245 |
1 |
0 |
|a Mathematical problems from combustion theory /
|c Jerrold Bebernes, David Eberly.
|
| 263 |
|
|
|a 8909
|
| 264 |
|
1 |
|a New York :
|b Springer-Verlag,
|c [1989]
|
| 264 |
|
4 |
|c ©1989
|
| 300 |
|
|
|a 177 pages :
|b illustrations
|
| 336 |
|
|
|a text
|b txt
|2 rdacontent
|
| 337 |
|
|
|a unmediated
|b n
|2 rdamedia
|
| 338 |
|
|
|a volume
|b nc
|2 rdacarrier
|
| 490 |
1 |
|
|a Applied mathematical sciences ;
|v v. 83
|
| 504 |
|
|
|a Includes bibliographical references and index.
|
| 650 |
|
0 |
|a Combustion
|x Mathematical models.
|
| 650 |
|
0 |
|a Differential equations, Elliptic.
|
| 650 |
|
0 |
|a Differential equations, Parabolic.
|
| 700 |
1 |
|
|a Eberly, David.
|
| 830 |
|
0 |
|a Applied mathematical sciences (Springer-Verlag New York Inc.) ;
|v v. 83.
|
| 999 |
|
|
|a MARS
|
| 999 |
f |
f |
|s 2eee93dd-c3df-3758-89cf-cf273f6bc582
|i ecb99952-7c50-3097-8256-413ed1374fb8
|t 0
|
| 952 |
f |
f |
|p ric
|a Texas A&M University
|b Rellis Campus
|c Joint Library Facility
|d Remote Storage
|t 0
|e QA1 .A647 v.83
|h Library of Congress classification
|i unmediated -- volume
|m A14812491751
|
| 998 |
f |
f |
|a QA1 .A647 v.83
|t 0
|l Remote Storage
|